<?xml version="1.0" encoding="UTF-8"?><?xml-stylesheet type="text/xsl" href="static/style.xsl"?><OAI-PMH xmlns="http://www.openarchives.org/OAI/2.0/" xmlns:xsi="http://www.w3.org/2001/XMLSchema-instance" xsi:schemaLocation="http://www.openarchives.org/OAI/2.0/ http://www.openarchives.org/OAI/2.0/OAI-PMH.xsd"><responseDate>2026-06-01T09:43:42Z</responseDate><request verb="GetRecord" identifier="oai:riuma.uma.es:10630/8047" metadataPrefix="marc">https://riuma.uma.es/rest/oai/request</request><GetRecord><record><header><identifier>oai:riuma.uma.es:10630/8047</identifier><datestamp>2026-02-03T11:49:48Z</datestamp><setSpec>com_10630_2254</setSpec><setSpec>col_10630_37959</setSpec></header><metadata><record xmlns="http://www.loc.gov/MARC21/slim" xmlns:dcterms="http://purl.org/dc/terms/" xmlns:doc="http://www.lyncode.com/xoai" xmlns:xsi="http://www.w3.org/2001/XMLSchema-instance" xsi:schemaLocation="http://www.loc.gov/MARC21/slim http://www.loc.gov/standards/marcxml/schema/MARC21slim.xsd">
   <leader>00925njm 22002777a 4500</leader>
   <datafield ind2=" " ind1=" " tag="042">
      <subfield code="a">dc</subfield>
   </datafield>
   <datafield ind2=" " ind1=" " tag="720">
      <subfield code="a">García-Rubio, Ana</subfield>
      <subfield code="e">author</subfield>
   </datafield>
   <datafield ind2=" " ind1=" " tag="720">
      <subfield code="a">Villén-Guzmán, María Dolores</subfield>
      <subfield code="e">author</subfield>
   </datafield>
   <datafield ind2=" " ind1=" " tag="720">
      <subfield code="a">Paz-García, Juan Manuel</subfield>
      <subfield code="e">author</subfield>
   </datafield>
   <datafield ind2=" " ind1=" " tag="720">
      <subfield code="a">Gómez-Lahoz, César</subfield>
      <subfield code="e">author</subfield>
   </datafield>
   <datafield ind2=" " ind1=" " tag="720">
      <subfield code="a">García-Herruzo, Francisco</subfield>
      <subfield code="e">author</subfield>
   </datafield>
   <datafield ind2=" " ind1=" " tag="720">
      <subfield code="a">Rodríguez-Maroto, José Miguel</subfield>
      <subfield code="e">author</subfield>
   </datafield>
   <datafield ind2=" " ind1=" " tag="260">
      <subfield code="c">2014-09-17</subfield>
   </datafield>
   <datafield ind2=" " ind1=" " tag="520">
      <subfield code="a">The use of EDTA as a complexing agent to extract metals from soil is common. We have tested this possibility for the remediation feasibility studies of a soil contaminated with lead, collected in the mining district of Linares (Spain), a region where the mining activity has been going on for more than 20 centuries.&#xd;
In this work, we have found that close to 100% of Pb is removed from the contaminated soil when EDTA is used in batch reactor experiments. However, almost no Pb is removed when EDTA is used as an enhancing agent in electrokinetic soil remediation of the same soil. The percentage of Pb removed is 0-10% and the analysis of soil after electrokinetic treatment indicates that more than 90% of Pb remains in the soil. Instead, the use of other mobilization agents that gave also good removal yields for the batch reactor experiments gave also important removals by EKR [1].&#xd;
Usually it is assumed that the removal of toxic metals during EKR take place by electromigration, which is about one order of magnitude more important than any other transport process, such as electroosmosis, diffusion, etc. [2]. Nevertheless, we found that in EKR experiments enhanced with EDTA, the electroosmotic flow is very important and severely impairs the extraction of lead. The negative charge of the complex is probably the main reason for the different behavior relative to the other mobilization agents.&#xd;
REFERENCES:&#xd;
[1]	M. Villen-Guzman, J.M. Paz-Garcia, J.M. Rodriguez-Maroto, C. Gomez-Lahoz and F. Garcia-Herruzo. Acid Enhanced Electrokinetic Remediation of a Contaminated Soil Using Constant Current Density: Strong vs. Weak Acid. Separation Science and Technology (in press; DOI 10.1080/01496395.2014.898306).&#xd;
[2]	Y.B. Acar, and A.N. Alshawabkeh. Principles of electrokinetic remediation  Environ. Sci. Technol. 27(13), 2638-2647. (1993).</subfield>
   </datafield>
   <datafield ind1="8" ind2=" " tag="024">
      <subfield code="a">http://hdl.handle.net/10630/8047</subfield>
   </datafield>
   <datafield tag="653" ind2=" " ind1=" ">
      <subfield code="a">Acido etilendiaminotetracético</subfield>
   </datafield>
   <datafield tag="653" ind2=" " ind1=" ">
      <subfield code="a">Suelos - Contenido de metales pesados</subfield>
   </datafield>
   <datafield ind2="0" ind1="0" tag="245">
      <subfield code="a">Anionic species transport through the soil (Electromigration versus Electroosmosis): The case of EDTA</subfield>
   </datafield>
</record>
</metadata></record></GetRecord></OAI-PMH>